[Event "AUTO-OPEN-4021"]
[Site "http://www.queenalice.com/game.php?id=1558130"]
[Date "2019.1.26"]
[Round "1"]
[White "anto"]
[Black "krystian"]
[Result "1-0"]
[WhiteElo "1543"]
[BlackElo "1795"]

1. e4 e5 2. Nf3 Nf6 3. Be2 Nxe4 4. O-O Nc6 5. d4 exd4 6. Nxd4 Bc5 7. Nxc6 bxc6
8. Nd2 f5 9. Nxe4 fxe4 10. Be3 Qe7 11. Bc4 d5 12. Bxd5 cxd5 13. Qxd5 Rb8 14.
Bxc5 Qe6 15. Qh5+ g6 16. Qg5 Rxb2 17. Bd4 Rxc2 18. Bxh8 Qf7 19. Qe5+ Kf8 20.
Qxe4 Bf5 21. Qa8+ Ke7 22. Rad1 Re2 23. Qd8+ Ke6 24. Rfe1 Rxe1+ 25. Rxe1+ Be4 26.
Rxe4+ Kf5 27. Re5+ Kg4 28. Qd4+ Qf4 29. f3+ 1-0

[Event "AUTO-OPEN-4021"]
[Site "http://www.queenalice.com/game.php?id=1558145"]
[Date "2019.1.26"]
[Round "1"]
[White "Capixaba789"]
[Black "anto"]
[Result "0-1"]
[WhiteElo "1862"]
[BlackElo "1266"]

1. d4 Nf6 2. e3 g6 3. Nf3 Bg7 4. Nc3 d5 5. Bd3 O-O 6. O-O Bg4 7. h3 Bxf3 8. Qxf3
Nc6 9. Ne2 Re8 10. Nf4 e5 11. dxe5 Nxe5 12. Qd1 Nxd3 13. Qxd3 c5 14. c3 Qc7 15.
Nxd5 Nxd5 16. Qxd5 Rad8 17. Qf3 Rd3 18. a4 f5 19. Qe2 Qd6 20. a5 Qd5 21. Ra4 c4
22. Qf3 Re4 23. b4 cxb3 24. Rxe4 Qxe4 25. Qg3 Bxc3 26. Qb8+ Kg7 27. Qxa7 Qb4 28.
a6 Rd7 29. e4 b2 30. Bxb2 Bxb2 31. exf5 Qa5 32. Qa8 bxa6 33. fxg6 hxg6 34. f4
Qc5+ 35. Kh1 Qc4 36. Qf3 a5 0-1

[Event "AUTO-OPEN-4021"]
[Site "http://www.queenalice.com/game.php?id=1558146"]
[Date "2019.1.26"]
[Round "1"]
[White "anto"]
[Black "Capixaba789"]
[Result "1-0"]
[WhiteElo "1475"]
[BlackElo "1794"]

1. e4 e5 2. Nf3 d6 3. Nc3 Nc6 4. Bb5 Bd7 5. d4 Nf6 6. d5 Ne7 7. Bxd7+ Qxd7 8.
O-O Ng6 9. h3 Be7 10. b3 O-O 11. Bb2 c5 12. dxc6 Qxc6 13. Re1 Nf4 14. Ne2 Qxe4
15. Qd2 Nxh3+ 16. gxh3 Qxf3 17. Ng3 Nd5 18. Qe2 Qxe2 19. Rxe2 Nf4 20. Rd2 Nxh3+
21. Kg2 Nf4+ 22. Kf1 Rfd8 23. Nf5 Bf8 24. Rad1 f6 25. Nxd6 Bxd6 26. Rxd6 Rxd6
27. Rxd6 b6 28. Rd7 h5 29. a4 Kh7 30. Rd6 Kh6 31. Bxe5 Kg5 32. Bb2 h4 33. Bc1
Kf5 34. Rd4 g5 35. Bxf4 gxf4 36. Kg2 Kg4 37. f3+ Kg5 38. Rd5+ f5 39. Rd7 Re8 40.
Rg7+ Kh5 41. Rxa7 Re2+ 42. Kg1 Rxc2 43. b4 Rb2 44. a5 Rxb4 45. a6 Rb1+ 46. Kh2
Rb2+ 47. Kg1 Rb1+ 48. Kg2 Rb2+ 49. Kh3 Ra2 50. Ra8 Rf2 51. a7 Rxf3+ 52. Kg2 Rg3+
53. Kf2 Ra3 54. Rh8+ Kg5 55. a8=Q Rxa8 56. Rxa8 Kg4 57. Rg8+ Kh5 58. Kf3 b5 59.
Kxf4 1-0

[Event "AUTO-INT-3409"]
[Site "http://www.queenalice.com/game.php?id=1559565"]
[Date "2019.2.4"]
[Round "1"]
[White "NickThorp"]
[Black "anto"]
[Result "0-1"]
[WhiteElo "1595"]
[BlackElo "1381"]

1. e4 e5 2. Nf3 Nc6 3. Bb5 d5 4. Nxe5 Ne7 5. O-O dxe4 6. Nc3 a6 7. Ba4 b5 8. Bb3
Nxe5 9. Nxe4 g6 10. d3 Bg7 11. Bg5 O-O 12. Nf6+ Kh8 13. h3 h6 14. Bf4 Bxf6 15.
Re1 Qd4 16. Bxe5 Bxe5 17. c3 Qf4 18. g3 Qf5 19. Kh2 Qxf2+ 20. Kh1 Bb7+ 21. Re4
Nf5 22. Qf1 Nxg3# 0-1

[Event "AUTO-INT-3409"]
[Site "http://www.queenalice.com/game.php?id=1559566"]
[Date "2019.2.4"]
[Round "1"]
[White "anto"]
[Black "NickThorp"]
[Result "1-0"]
[WhiteElo "1406"]
[BlackElo "1570"]

1. e4 e5 2. Nf3 Nc6 3. d4 Bb4+ 4. c3 Bd6 5. d5 Na5 6. b4 c6 7. bxa5 Nf6 8. Qa4
O-O 9. Bg5 Be7 10. Bxf6 Bxf6 11. Bd3 cxd5 12. exd5 d6 13. O-O Bd7 14. Qb4 Qc7
15. Nbd2 b6 16. Ne4 Be7 17. axb6 axb6 18. Bb5 Bxb5 19. Qxb5 Ra5 20. Qb3 h6 21.
Ng3 Rc5 22. Nf5 Bf6 23. Rab1 Rxc3 24. Qxb6 Qc8 25. Nxd6 Qd7 26. Ne4 Rc4 27.
Nxf6+ 1-0

[Event "AUTO-INT-3409"]
[Site "http://www.queenalice.com/game.php?id=1559579"]
[Date "2019.2.4"]
[Round "1"]
[White "Givanildo"]
[Black "anto"]
[Result "0-1"]
[WhiteElo "1590"]
[BlackElo "1454"]

1. d4 Nf6 2. h3 d5 3. Bg5 Nc6 4. Bxf6 gxf6 5. e3 e5 6. dxe5 fxe5 7. Bb5 Rg8 8.
g4 Qd6 9. Bxc6+ Qxc6 10. Nf3 Qd6 11. Nc3 Be6 12. a3 O-O-O 13. Qe2 d4 14. exd4
exd4 15. Ne4 Qf4 16. Rd1 Bc4 17. Qxc4 Qxf3 18. Ng3 Re8+ 19. Ne2 Qxh1+ 20. Kd2
Bh6+ 21. f4 Qxh3 22. g5 Qe3+ 23. Ke1 Bg7 24. c3 Qxf4 25. cxd4 Qxg5 26. Qxf7 Qg1+
27. Kd2 Bh6+ 28. Nf4 Qf2+ 29. Kc1 Bxf4+ 30. Kb1 Qe2 31. Qf5+ Kb8 32. Qxf4 Qxd1+
33. Ka2 Rd8 34. Qf7 Qxd4 35. Qxh7 Rg2 36. Qb1 Qc4+ 37. Ka1 Qb3 38. Qc1 Rxb2 39.
a4 Qa2# 0-1

[Event "AUTO-INT-3409"]
[Site "http://www.queenalice.com/game.php?id=1559580"]
[Date "2019.2.4"]
[Round "1"]
[White "anto"]
[Black "Givanildo"]
[Result "1-0"]
[WhiteElo "1354"]
[BlackElo "1617"]

1. e4 d5 2. exd5 Qxd5 3. Nc3 Qe5+ 4. Be2 Bf5 5. Nf3 Qf6 6. Nb5 Na6 7. O-O e6 8.
Nfd4 Bd6 9. c3 h5 10. Qa4 c6 11. Nxd6+ Kf8 12. Nxb7 Nc7 13. Qxc6 Ne7 14. Qxc7
Rc8 15. Qd7 g6 16. Nxf5 exf5 17. Nd6 Kg7 18. Nxc8 Rxc8 19. Qxa7 Rc6 20. b3 Re6
21. Re1 Qg5 22. d4 Nd5 23. Bxg5 f4 24. Qc5 f6 25. Qxd5 Rxe2 26. Rxe2 fxg5 27.
Qxg5 f3 28. Re7+ Kf8 29. Qf6+ Kg8 30. Re8+ Kh7 31. Rh8# 1-0

[Event "AUTO-INT-3409"]
[Site "http://www.queenalice.com/game.php?id=1559587"]
[Date "2019.2.4"]
[Round "1"]
[White "kanibal"]
[Black "anto"]
[Result "0-1"]
[WhiteElo "1638"]
[BlackElo "1627"]

1. e4 e5 2. Nf3 Nc6 3. Bb5 a6 4. Bxc6 dxc6 5. O-O Nf6 6. Nc3 Bg4 7. h3 Bh5 8. d3
Nd7 9. a3 Bc5 10. b4 Be7 11. Bb2 f6 12. Qe2 O-O 13. Na4 b5 14. Nc5 Nxc5 15. bxc5
Bxc5 16. Bc3 Qe7 17. Bb2 a5 18. c4 a4 19. g4 Bf7 20. Kg2 bxc4 21. dxc4 Rfb8 22.
Nh4 Qf8 23. Nf5 g6 24. Ne3 Bd4 25. Bxd4 exd4 26. Nc2 Rb2 27. Qd3 c5 28. Ne1 Rb3
29. Qe2 Rc3 30. e5 Bxc4 31. Qe4 Bxf1+ 32. Kxf1 fxe5 33. Qxe5 Rb8 34. Qxc7 Rb2
35. Kg2 Qxf2+ 36. Kh1 Rxh3+ 0-1

[Event "AUTO-INT-3409"]
[Site "http://www.queenalice.com/game.php?id=1559588"]
[Date "2019.2.4"]
[Round "1"]
[White "anto"]
[Black "kanibal"]
[Result "1-0"]
[WhiteElo "1643"]
[BlackElo "1622"]

1. e4 e5 2. Nf3 d6 3. Be2 Bg4 4. Nc3 Bxf3 5. Bxf3 Nf6 6. d4 exd4 7. Qxd4 h6 8.
e5 dxe5 9. Qxe5+ Be7 10. Bxb7 Nbd7 11. Qb5 Rb8 12. Be3 O-O 13. O-O-O Ng4 14.
Rxd7 Qe8 15. Rxc7 Bg5 16. Qxe8 Rbxe8 17. Bxg5 hxg5 18. h3 Nxf2 19. Rf1 f6 20.
Rxf2 Re1+ 21. Nd1 Rd8 22. Rd2 Rb8 23. Bd5+ Kh7 24. Rxa7 Rbe8 25. c3 Kh6 26. Bc6
R8e6 27. Ba8 g6 28. Rdd7 g4 29. hxg4 Kg5 30. Bf3 f5 31. gxf5 Kxf5 32. a4 g5 33.
a5 g4 34. Rf7+ Rf6 35. Rxf6+ Kxf6 36. Bxg4 Kg5 37. Bc8 Rg1 38. a6 Rxg2 39. Rg7+
1-0

[Event "Challenge"]
[Site "http://www.queenalice.com/game.php?id=1561406"]
[Date "2019.2.18"]
[Round "-"]
[White "zemari"]
[Black "anto"]
[Result "0-1"]
[WhiteElo "1524"]
[BlackElo "1664"]

1. d4 Nf6 2. Nc3 d5 3. e3 g6 4. Nf3 Bg7 5. Be2 Nc6 6. Bb5 O-O 7. Bxc6 bxc6 8.
Nd2 e5 9. dxe5 Ng4 10. Nf3 Nxe5 11. Nxe5 Bxe5 12. O-O Re8 13. f4 Bg7 14. Rb1 Ba6
15. Rf2 d4 16. Ne2 dxe3 17. Rf1 Qxd1 18. Rxd1 Bxe2 19. Re1 Rad8 20. h3 Rd1 21.
Rxd1 Bxd1 22. Bxe3 Bxc2 23. Rc1 Rxe3 24. Rxc2 Re4 25. f5 Bd4+ 26. Kf1 Rf4+ 27.
Ke1 Rxf5 28. b3 c5 29. Re2 a5 30. Re8+ Kg7 31. Ra8 Rf2 32. Rxa5 Rxg2 33. Ra6 g5
34. Ra8 Rh2 35. Rc8 Rxa2 36. Rxc7 Rh2 37. Kd1 Rxh3 38. Kc2 g4 39. Re7 g3 40. Re2
Rh2 41. Rxh2 gxh2 42. Kd3 h1=Q 43. Kc4 Qd1 44. b4 Qa4 45. Kd5 Qxb4 46. Ke4 h5
47. Kd3 h4 48. Ke2 h3 49. Kf1 Qb1+ 0-1

[Event "Challenge"]
[Site "http://www.queenalice.com/game.php?id=1561407"]
[Date "2019.2.18"]
[Round "-"]
[White "anto"]
[Black "zemari"]
[Result "1-0"]
[WhiteElo "1529"]
[BlackElo "1533"]

1. e4 e5 2. Nf3 f6 3. d4 exd4 4. Nxd4 d6 5. g3 Bd7 6. Bg2 Ne7 7. O-O Ng6 8. Be3
Ne5 9. Nc3 c5 10. Nf5 Qc7 11. Nd5 Qc6 12. Qh5+ g6 13. Qh4 Bxf5 14. Nxf6+ Kd8 15.
exf5 Be7 16. Bxc6 1-0

[Event "AUTO-BEG-663"]
[Site "http://www.queenalice.com/game.php?id=1561538"]
[Date "2019.2.19"]
[Round "1"]
[White "anto"]
[Black "mathias2001"]
[Result "1-0"]
[WhiteElo "1619"]
[BlackElo "1211"]

1. e4 e5 2. Nf3 Nc6 3. Nc3 d6 4. Be2 Nf6 5. b3 g6 6. Bb2 Bh6 7. d4 d5 8. dxe5
Nd7 9. e6 fxe6 10. exd5 exd5 11. Nxd5 Rf8 12. Nf6+ Nxf6 13. O-O Qe7 14. Re1 Ne4
15. Bb5 Bd7 16. Qd5 Bf5 17. Bxc6+ Bd7 18. Bxd7+ Qxd7 19. Qxe4+ Kd8 20. Qxb7 Rc8
21. Rad1 Rf7 22. Rxd7+ Kxd7 23. Ne5+ Ke7 24. Qxc8 Kf6 25. Nxf7+ Kxf7 26. Qe8#
1-0

[Event "AUTO-BEG-663"]
[Site "http://www.queenalice.com/game.php?id=1561539"]
[Date "2019.2.19"]
[Round "1"]
[White "mathias2001"]
[Black "anto"]
[Result "0-1"]
[WhiteElo "1211"]
[BlackElo "1625"]

1. e4 e5 2. Bc4 Nf6 3. Qf3 Bc5 4. Nh3 O-O 5. Ng5 d5 6. exd5 e4 7. Qf4 h6 8. Ne6
fxe6 9. dxe6 Qe7 10. Qe5 Bxf2+ 11. Kxf2 Ng4+ 12. Ke1 Nxe5 13. b3 Nxc4 14. bxc4
Bxe6 15. Ba3 Qf6 16. Bxf8 Qxa1 17. Kf2 Kxf8 18. Rf1 Bxc4 19. Kg1+ Bxf1 20. Kxf1
Qxb1+ 21. Ke2 Qxc2 22. Ke3 Nc6 23. g3 Rd8 24. Kf4 Rxd2 25. Kf5 Rf2+ 26. Ke6 Rf6+
27. Kd7 Rf7+ 28. Kc8 Qa4 29. Kxb7 Qb5+ 30. Kc8 Qa6# 0-1